| 000 | 01472nab a22002777a 4500 | ||
|---|---|---|---|
| 999 |
_c5556 _d5556 |
||
| 003 | OSt | ||
| 005 | 20251218075551.0 | ||
| 008 | 190429b xxu||||| |||| 00| 0 spa d | ||
| 040 | _cPJ | ||
| 100 |
_96536 _aBarreix, María Carolina |
||
| 245 | 1 | 0 |
_aReparación integral y transformadora en delitos contra la dignidad e integridad de personas con discapacidad : _bdesafíos y perspectivas jurídicas en Argentina / _cMaría Carolina Barreix. |
| 260 |
_cCiudad Autónoma de Buenos Aires : _aThomson Reuters La Ley, _b2025. |
||
| 300 | _ap. 68-73 | ||
| 500 | _aCita: TR LALEY AR/DOC/408/2025 | ||
| 505 | _aSumario: I. Introducción.— II. Variaciones del tema.— III. Ley de Salud Mental y Acceso a la Justicia.— IV. Conclusión. | ||
| 505 | _aFallo comentado: TCrim. Nro. 1, Necochea ~ 29/04/2024 ~ H. R. R. R. Y M. E. s/ abuso sexual con acceso carnal agravado por la comisión de dos o más personas. | ||
| 505 | _tSi te interesa el texto completo, solicitalo a koha@justierradelfuego.gov.ar | ||
| 650 | 0 |
_9343 _aDERECHO PENAL |
|
| 650 | 0 |
_94077 _aREPARACION INTEGRAL |
|
| 650 | 0 |
_93271 _aPERSONAS CON DISCAPACIDAD |
|
| 650 | 0 |
_91272 _aSALUD MENTAL |
|
| 650 | 0 |
_92902 _aDELITOS CONTRA LA INTEGRIDAD SEXUAL |
|
| 650 | 0 |
_94467 _aABUSO SEXUAL CALIFICADO POR ACCESO CARNAL |
|
| 773 | 0 |
_02658 _93164 _tRevista de derecho penal y criminología. Nº 3 - Abril 2025 _dCiudad Autónoma de Buenos Aires : Thomson Reuters La Ley, 2017- _x00347914 |
|
| 942 |
_2udc _cANA |
||